HIMALAYA BLUNDER THE CURTAIN RAISER TO THE SINO INDIAN WAR OF 1962OVIET CONTEST (Record no. 582943)

000 -LEADER
fixed length control field 00305nam a22001097a 4500
082 ## - DEWEY DECIMAL CLASSIFICATION NUMBER
Classification number 355.02 DAL'H
100 ## - MAIN ENTRY--PERSONAL NAME
Personal name DALVI, J. P BRIGADIER
9 (RLIN) 77729
245 ## - TITLE STATEMENT
Title HIMALAYA BLUNDER THE CURTAIN RAISER TO THE SINO INDIAN WAR OF 1962OVIET CONTEST
260 ## - PUBLICATION, DISTRIBUTION, ETC.
Place of publication, distribution, etc. BOMBAY
Name of publisher, distributor, etc. THACKER
Date of publication, distribution, etc. 1969
300 ## - PHYSICAL DESCRIPTION
Extent 506P
942 ## - ADDED ENTRY ELEMENTS (KOHA)
Koha item type Book
Holdings
Withdrawn status Lost status Damaged status Not for loan Permanent Location Current Location Shelving location Date acquired Total Checkouts Full call number Barcode Date last seen Price effective from Koha item type
        College of Electrical & Mechanical Engineering (CEME) College of Electrical & Mechanical Engineering (CEME) General Stacks 06/09/2017   355.02 DAL'H CEME-9068 06/28/2021 06/28/2021 Book
© 2023 Central Library, National University of Sciences and Technology. All Rights Reserved.